Musiques de films et Compositeurs de films - Statistiques

Statistiques générales
  • Ce quiz a été pris 112 fois
  • Le résultat moyen est 4 sur 11
Statistiques - réponses
Hint Réponse % Correct
Indiana Jones John Williams
78%
Le bon la brute et le truand Ennio Morricone
73%
Rainman Hans Zimmer
64%
Titanic James Horner
51%
La boum Vladimir Cosma
43%
Retour vers le Futur Alan Silvestri
35%
Le parrain Nino Rota
30%
Docteur Jivago Maurice Jarre
23%
La mort aux trousses Bernard Herrmann
19%
Alien Jerry Goldsmith
14%
Les grandes gueules François de Roubaix
7%
Aucun quiz correspondant
Distribution des résultats
% des personnes avec chaque résultat
Percentile par nombre de réponses
Votre historique - résultats
Vous n’avez pas pris ce quiz